[Event "Sofia Spring op 1st"]
[Site "Sofia"]
[Date "2025.05.28"]
[Round "8"]
[White "Chkhaidze, Nikoloz"]
[Black "Gokturk, Murat Kutay"]
[Result "1/2-1/2"]
[WhiteElo "2173"]
[BlackElo "2072"]
[PlyCount "120"]
[EventDate "2025.05.23"]
[EventType "swiss"]
[EventRounds "9"]
[EventCountry "BUL"]
[SourceTitle "CB23_2025"]
[SourceDate "2025.06.04"]
[SourceVersion "1"]
[SourceVersionDate "2025.06.04"]
[SourceQuality "1"]

1. c4 c6 2. Nf3 d5 3. g3 g6 4. Bg2 Bg7 5. 0-0 e5 6. d3 Ne7 7. e4 0-0 8. exd5 cxd5 9. Nc3 Nbc6 10. cxd5 Nxd5 11. Bg5 Nxc3 12. bxc3 Qd6 13. Rb1 h6 14. Be3 b6 15. d4 Ba6 16. dxe5 Qc7 17. Re1 Rad8 18. Bd4 Bc4 19. Qa4 b5 20. Qa6 Rfe8 21. e6 Nxd4 22. Nxd4 Bxd4 23. exf7+ Qxf7 24. cxd4 Rxe1+ 25. Rxe1 Rxd4 26. a3 Kg7 27. Qa5 Rd7 28. Qb4 Qf6 29. h4 Rf7 30. Qc5 Qb6 31. Qe5+ Kh7 32. Qb2 Qf6 33. Qc2 Re7 34. Rxe7+ Qxe7 35. h5 Bf7 36. Be4 Qd6 37. Kg2 a6 38. a4 bxa4 39. Qxa4 Kg7 40. hxg6 Bxg6 41. Bb7 Bd3 42. f4 Bb5 43. Qc2 Qe6 44. Bf3 Qf6 45. Qd2 Bc6 46. g4 Bxf3+ 47. Kxf3 Qc6+ 48. Kg3 Qc5 49. Qb2+ Kg8 50. Qb8+ Kg7 51. Qb7+ Kg8 52. Kf3 Qc3+ 53. Ke4 Qc4+ 54. Ke5 Qb5+ 55. Qxb5 axb5 56. Kd5 Kg7 57. Kc5 Kg6 58. Kxb5 h5 59. f5+ Kf6 60. gxh5 Kxf5 1/2-1/2

[Event "Sofia Spring op 1st"]
[Site "Sofia"]
[Date "2025.05.23"]
[Round "1"]
[White "Gokturk, Murat Kutay"]
[Black "Sidhant, Mohapatra"]
[Result "0-1"]
[WhiteElo "2072"]
[BlackElo "2357"]
[PlyCount "79"]
[EventDate "2025.05.23"]
[EventType "swiss"]
[EventRounds "9"]
[EventCountry "BUL"]
[SourceTitle "CB23_2025"]
[SourceDate "2025.06.04"]
[SourceVersion "1"]
[SourceVersionDate "2025.06.04"]
[SourceQuality "1"]

1. e4 e5 2. Nf3 Nc6 3. Bb5 a6 4. Ba4 Nf6 5. 0-0 d6 6. d4 b5 7. Bb3 Nxd4 8. Nxd4 exd4 9. a4 Bb7 10. Qxd4 c5 11. Qe3 Be7 12. axb5 axb5 13. Rxa8 Bxa8 14. c4 Nxe4 15. cxb5 d5 16. Bc2 0-0 17. Qh3 h6 18. Re1 Bf6 19. Nc3 Re8 20. Rd1 Bd4 21. Nxe4 dxe4 22. Qg4 Qf6 23. Qf4 Qe6 24. Ba4 Bd5 25. b6 Rc8 26. Be3 Bxb2 27. Rb1 Be5 28. Bd7 Qd6 29. Qf5 g6 30. Qh3 Rd8 31. Ba4 h5 32. b7 Bxb7 33. Bg5 Rb8 34. Rd1 Bd4 35. Qh4 Ra8 36. Bb3 Bd5 37. Bc2 Ra2 38. Rc1 Qe6 39. Bf4 e3 40. Qd8+ 0-1

[Event "EU-ch 25th"]
[Site "Eforie Nord"]
[Date "2025.03.25"]
[Round "10"]
[White "Gokturk, Murat Kutay"]
[Black "Sahin, Bora"]
[Result "1-0"]
[WhiteElo "2046"]
[BlackElo "1789"]
[PlyCount "81"]
[EventDate "2025.03.15"]
[EventType "swiss"]
[EventRounds "11"]
[EventCountry "ROU"]
[SourceTitle "CB13_2025"]
[SourceDate "2025.03.26"]
[SourceVersion "1"]
[SourceVersionDate "2025.03.26"]
[SourceQuality "1"]

1. e4 c5 2. Nf3 e6 3. d4 cxd4 4. Nxd4 Nc6 5. Nc3 Qc7 6. Be3 a6 7. g4 b5 8. Nxc6 Qxc6 9. Qd2 b4 10. Ne2 Qxe4 11. Rg1 Qc6 12. 0-0-0 Bb7 13. Nf4 Nf6 14. Bg2 d5 15. Bd4 Ne4 16. Bxe4 dxe4 17. Nh5 0-0-0 18. Qf4 Bd6 19. Qxf7 Qd5 20. Nxg7 Kb8 21. Ba7+ Kxa7 22. Rxd5 exd5 23. Ne6 Rde8 24. Qd7 Be7 25. g5 Rhg8 26. h4 Bf6 27. gxf6 Rxg1+ 28. Kd2 e3+ 29. fxe3 Reg8 30. Nf4 Rh1 31. Qd6 Rgg1 32. Qc5+ Ka8 33. f7 Rd1+ 34. Ke2 Rde1+ 35. Kf3 d4+ 36. Kg4 Rhg1+ 37. Kf5 Be4+ 38. Kxe4 Rxe3+ 39. Kf5 Kb7 40. f8Q Ree1 41. Qfc8# 1-0

[Event "EU-ch 25th"]
[Site "Eforie Nord"]
[Date "2025.03.16"]
[Round "2"]
[White "Gokturk, Murat Kutay"]
[Black "Veress, Armand"]
[Result "1/2-1/2"]
[WhiteElo "2046"]
[BlackElo "2292"]
[PlyCount "122"]
[EventDate "2025.03.15"]
[EventType "swiss"]
[EventRounds "11"]
[EventCountry "ROU"]
[SourceTitle "CB13_2025"]
[SourceDate "2025.03.26"]
[SourceVersion "1"]
[SourceVersionDate "2025.03.26"]
[SourceQuality "1"]

1. e4 c6 2. d4 d5 3. Nc3 dxe4 4. Nxe4 Nf6 5. Nxf6+ exf6 6. c3 Bd6 7. Bd3 0-0 8. Qc2 c5 9. Ne2 h6 10. 0-0 Nc6 11. Be3 Qe7 12. Rfe1 Be6 13. Rad1 cxd4 14. Nxd4 Nxd4 15. Bxd4 Qc7 16. h3 Rfe8 17. Bf5 Bh2+ 18. Kh1 Be5 19. Bxe6 Rxe6 20. Bxe5 fxe5 21. Rd5 Rae8 22. Red1 Qb6 23. Rd7 e4 24. R1d4 Qb5 25. c4 Qg5 26. R7d5 f5 27. Rd1 Rg6 28. Rg1 Qf6 29. Qa4 Rf8 30. Qb5 a6 31. Qa5 f4 32. Re5 b5 33. Qc3 e3 34. f3 Rc8 35. c5 Rg5 36. Qb3+ Qf7 37. Qxf7+ Kxf7 38. Re4 Rf5 39. b4 Rd8 40. g3 g5 41. gxf4 Rxf4 42. Re1 Rxe4 43. fxe4 Rd4 44. Rxe3 Rxb4 45. Ra3 h5 46. Rxa6 Rc4 47. Rh6 h4 48. c6 Rxe4 49. c7 Re8 50. Rc6 Rc8 51. Kg2 Ke7 52. Kf3 Kd7 53. Rc1 Rf8+ 54. Kg4 Rf4+ 55. Kxg5 Rc4 56. c8Q+ Rxc8 57. Rxc8 Kxc8 58. Kf4 Kc7 59. Ke4 Kc6 60. Kd4 Kb6 61. Kc3 Kc5 1/2-1/2

[Event "EU-ch Schools U11"]
[Site "Limerick"]
[Date "2024.06.06"]
[Round "8"]
[White "Gokturk, Murat Kutay"]
[Black "Kelbas, Dariy"]
[Result "1-0"]
[WhiteElo "1861"]
[BlackElo "1755"]
[PlyCount "51"]
[EventDate "2024.05.31"]
[EventType "swiss"]
[EventRounds "9"]
[EventCountry "IRL"]
[SourceTitle "CBM 220 Extra"]
[Source "ChessBase"]
[SourceDate "2024.07.31"]
[SourceVersion "1"]
[SourceVersionDate "2024.07.31"]
[SourceQuality "1"]

1. e4 d5 2. exd5 Qxd5 3. Nc3 Qa5 4. d4 Nf6 5. Nf3 Bg4 6. Bc4 e6 7. h3 Bh5 8. Bd2 Qb6 9. 0-0 Nbd7 10. Be3 c5 11. g4 Bg6 12. Na4 Qc6 13. Nxc5 Nxc5 14. dxc5 Bxc5 15. Ne5 Qb6 16. g5 Bxe3 17. gxf6 Bd4 18. Bb5+ Qxb5 19. Qxd4 gxf6 20. Ng4 Qg5 21. f4 Qh4 22. Nxf6+ Ke7 23. Nd5+ Kd7 24. Rf3 Rab8 25. Rc3 Rhd8 26. Rc7+ 1-0

[Event "EU-ch Schools U11"]
[Site "Limerick"]
[Date "2024.06.01"]
[Round "2"]
[White "Gokturk, Murat Kutay"]
[Black "Koyunoglu, Omer Alp"]
[Result "0-1"]
[WhiteElo "1861"]
[BlackElo "1570"]
[PlyCount "58"]
[EventDate "2024.05.31"]
[EventType "swiss"]
[EventRounds "9"]
[EventCountry "IRL"]
[SourceTitle "CBM 220 Extra"]
[Source "ChessBase"]
[SourceDate "2024.07.31"]
[SourceVersion "1"]
[SourceVersionDate "2024.07.31"]
[SourceQuality "1"]

1. e4 e5 2. Nf3 Nc6 3. Nc3 Nf6 4. a3 d5 5. Bb5 Nxe4 6. Qe2 Qd6 7. Nxe4 dxe4 8. Qxe4 Bd7 9. 0-0 f6 10. d4 0-0-0 11. dxe5 Nxe5 12. Bxd7+ Rxd7 13. Nxe5 Qxe5 14. Qa4 Bc5 15. c3 Rhd8 16. Qc4 g5 17. Qg4 Kb8 18. Rb1 Bb6 19. h3 Rd3 20. Kh1 a6 21. f4 Qb5 22. fxg5 Rxh3+ 23. gxh3 Qxf1+ 24. Kh2 Rd1 25. Qg2 Bg1+ 26. Kh1 Qd3 27. gxf6 Bc5+ 28. Kh2 Bd6+ 29. Bf4 Bxf4+ 0-1

[Event "EU-ch Schools U11"]
[Site "Limerick"]
[Date "2024.05.31"]
[Round "1"]
[White "Sromek, Sebastian"]
[Black "Gokturk, Murat Kutay"]
[Result "0-1"]
[WhiteElo "1451"]
[BlackElo "1861"]
[PlyCount "76"]
[EventDate "2024.05.31"]
[EventType "swiss"]
[EventRounds "9"]
[EventCountry "IRL"]
[SourceTitle "CBM 220 Extra"]
[Source "ChessBase"]
[SourceDate "2024.07.31"]
[SourceVersion "1"]
[SourceVersionDate "2024.07.31"]
[SourceQuality "1"]

1. e4 c5 2. Nf3 Nc6 3. d4 cxd4 4. Nxd4 Qb6 5. Nb3 Nf6 6. Nc3 e6 7. Bc4 Bb4 8. Bd2 Bxc3 9. Bxc3 Nxe4 10. Qf3 Nxc3 11. Qxc3 0-0 12. 0-0 d5 13. Bd3 e5 14. Rfe1 Be6 15. Qc5 Rac8 16. Qxb6 axb6 17. Bb5 Na7 18. Bd3 e4 19. Bf1 Rxc2 20. Re2 Rxe2 21. Bxe2 Rc8 22. Rc1 Rxc1+ 23. Nxc1 d4 24. f3 f5 25. fxe4 fxe4 26. Kf2 Kf7 27. Kg3 g5 28. Kf2 Kf6 29. Nb3 Ke5 30. g3 Bxb3 31. axb3 d3 32. Bd1 Kd4 33. Ke1 Nc6 34. Bg4 e3 35. h4 Ne5 36. Bc8 Nf3+ 37. Kd1 e2+ 38. Kc1 e1Q# 0-1

[Event "TUR-ch U20"]
[Site "Samsun"]
[Date "2024.05.22"]
[Round "7"]
[White "Gokturk, Murat Kutay"]
[Black "Ergin, Hasan Kaan"]
[Result "1-0"]
[WhiteElo "1862"]
[BlackElo "1632"]
[PlyCount "67"]
[EventDate "2024.05.18"]
[EventType "swiss"]
[EventRounds "9"]
[EventCountry "TUR"]
[SourceTitle "EXT 2025"]
[Source "ChessBase"]
[SourceDate "2024.10.14"]
[SourceVersion "1"]
[SourceVersionDate "2024.10.14"]
[SourceQuality "1"]

1. e4 e5 2. Nf3 Nc6 3. Nc3 Nf6 4. a3 a6 5. d4 exd4 6. Nxd4 Nxe4 7. Nxe4 Qe7 8. f3 d5 9. Nxc6 bxc6 10. Bd3 dxe4 11. fxe4 g6 12. 0-0 Bg7 13. c3 0-0 14. Bf4 Be6 15. Qe2 a5 16. Kh1 Rab8 17. Rac1 Rb3 18. Rc2 Rfb8 19. Rf2 c5 20. h3 R3b6 21. Rd2 Bb3 22. Bc4 a4 23. Bxb3 axb3 24. Qc4 Bf8 25. Rd5 Qh4 26. Rd7 Rf6 27. Bg3 Qg5 28. Rxf7 Rxf7 29. Rxf7 Kh8 30. Bf4 Qh5 31. Qe6 Bg7 32. Qe7 Rg8 33. Rxg7 Rxg7 34. Be5 1-0